Państwa Afryki na mapie - Statystyki

Ogólne statystyki
  • Ten quiz został rozwiązany 58 razy
  • Średni wynik to 32 z 54
Odpowiedzi na mapie
Odpowiedzi zakodowano w zielono-czerwonej skali na mapie do tego quizu, zgodnie z poniższymi procentami.
 
Statystyki odpowiedzi
Odpowiedź % Poprawnych
Algeria
78%
Egipt
74%
Maroko
74%
Tunezja
74%
Etiopua
70%
Kenia
70%
Libia
70%
Madagaskar
70%
Niger
70%
Republika Południowej Afryki
70%
Sudan
70%
Uganda
70%
Demokratyczna Republika Konga
65%
Mali
65%
Nigeria
65%
Republika Środkowoafrykańska
65%
Somalia
65%
Sudan Południowy
65%
Wyspy św. Tomasza I Książeta
65%
Angola
61%
Botswana
61%
Burkina Faso
61%
Czad
61%
Erytrea
61%
Mauritius
61%
Mozambik
61%
Republika Zielonego Przylądka
61%
Dżibuti
57%
Gwinea-Bissau
57%
Lesotho
57%
Mauretania
57%
Namibia
57%
Senegal
57%
Wybrzeże Kości Słoniowej
57%
Zimbabwe
57%
Eswatini
52%
Gabon
52%
Gambia
52%
Komory
52%
Kongo
52%
Malawi
52%
Sierra Leone
52%
Tanzania
52%
Togo
52%
Zambia
52%
Benin
48%
Kamerun
48%
Seszele
48%
Gwinea
43%
Gwinea Równikowa
43%
Liberia
43%
Rwanda
43%
Burundi
39%
Ghana
39%
Nie znaleziono quizów pasujących do podanych kryteriów
Rozkład punktacji
Procent ludzi z każdym wynikiem
Percentyl według liczby udzielonych odpowiedzi
Twoja historia wyników
Nie rozwiązałeś tego quizu